|
|
|
|
| LEADER |
00000cam a2200000 i 4500 |
| 001 |
1/85355 |
| 008 |
960910s1990 gr | ||| |||| ||gre|| |
| 020 |
|
|
|a 9607266064
|
| 035 |
|
|
|a 1992
|b 1
|c Σακελλαρίδης
|l 10034678
|
| 040 |
|
|
|a GR-MY-UA
|b gre
|e aacr
|
| 041 |
1 |
|
|a gre
|h ger
|
| 082 |
7 |
|
|a 372.87
|2 (22)
|
| 100 |
1 |
|
|a Meyer-Denkmann, Gertrud.
|
| 245 |
1 |
0 |
|a Πειραματισμοί στον ήχο /
|c Gertrud Meyer - Denkmann ; απόδοση στην ελληνική γλώσσα, επιμέλεια: Μιχάλης Τόμπλερ.
|
| 246 |
3 |
3 |
|a Ηχοχρώματα
|
| 260 |
|
|
|a Αθήνα :
|b Orpheus,
|c 1990.
|
| 300 |
|
|
|a 94 σ. ;
|c 24 εκ.
|
| 500 |
|
|
|a Τίτλος πρωτοτύπου: Klangexperimente und gestaltugsversuche im kindesalter.
|
| 504 |
|
|
|a Βιβλιογραφία : σ. 91-93.
|
| 650 |
0 |
0 |
|a Music
|x Instruction and study
|x Juvenile.
|
| 650 |
0 |
0 |
|a Music in education.
|
| 700 |
1 |
|
|a Τόμπλερ, Μιχάλης,
|e edt
|e trl
|
| 852 |
|
|
|a INST
|b RHODES
|e 19960910
|h 372.87 MEY
|p 005400008145
|q 005400008145
|t BK
|y 0
|
| 909 |
|
|
|a Ρ
|b 021918
|
| 970 |
|
|
|z 2000/07
|